000 00648cam a2200217u 4500
001 8493836
003 ARRUPE
005 20170111092958.0
008 831028s1966 xx 000 0 ger
010 _a 68070677
040 _aDLC
_cCarP
_dDLC
050 0 0 _aPR2819.A4
082 0 0 _a822.3/3
_222
100 1 _aShakespeare, William,
_d1564-1616.
_927038
245 1 0 _aKönig Lear.
_btrauerspiel
_cby Shakespeare, William
260 _aStuttgart
_bPhilipp Reclam Jun.
_c1960
300 _a103p.
_c15cm.
700 _aBaudissin, Wolf Heinrich Graf
_etr.
_928211
906 _a0
_bcbc
_cpremunv
_du
_encip
_f19
_gy-gencatlg
942 _2lcc
_cMONOGRAPH
999 _c125925
_d125925